000
00274nam a22001337a 4500
020
_a
3-527-26599-6
082
_a
662.2 MEY'E
100
_a
MEYER, RUDULF
_9
65068
245
_a
EXPLOSIVES
250
_a
3RD
260
_a
GERMANY
_b
VCH
_c
1987
300
_a
452P
942
_c
BK
999
_c
573385
_d
573385